Statistics for The Great Chemists

Click here to take the quiz!

General Stats

  • This quiz has been taken 21 times
  • The average score is 11 of 39

Answer Stats

HintAnswer% Correct
Pioneers in field of radioactivityMarie & Pierre Curie
83%
Invention of dynamite; Nobel prizesAlfred Nobel
78%
Avogadro's law of gases; Avogadro's numberAmedeo Avogadro
78%
Inventor of the Periodic TableDmitri Mendeleev
78%
Discovery of the atomic nucleusErnest Rutherford
72%
Boyle's law on gasesRobert Boyle
67%
Hooke's law of elasticityRobert Hooke
67%
Modern atomic theoryJohn Dalton
50%
Gay-Lussac's lawJoseph-Louis Gay-Lussac
50%
Inventor of the Bunsen burnerRobert Bunsen
50%
Discovery of the composition of waterAntoine Lavoisier
39%
Nitrogen fixation for fertilizers; Chemical weaponsFritz Haber
39%
100-degree scale thermometerAnders Celsius
33%
Atomic theory of the UniverseDemocritus
33%
Discovery of electromagnetic inductionMichael Faraday
33%
Most influential figure in early Western scienceAristotle
28%
Discovery of electronsJ.J. Thomson
28%
Developed theory of covalent bondingLinus Pauling
28%
Discovery of transuranium elementsGlenn Seaborg
22%
Pioneer of electrolysisHumphry Davy
22%
Theory of ideas or formsPlato
22%
Promotion of experimental scientific methodRoger Bacon
22%
Construction of first nuclear reactorEnrico Fermi
17%
Discovery of the citric acid cycleHans Krebs
17%
Identification of hydrogen gasHenry Cavendish
17%
Pioneer in field of radioactivityHenri Becquerel
11%
Invention of the particle acceleratorErnest O. Lawrence
6%
Development of the theory of atomismLeucippus
6%
Invention of nylonWallace Carothers
6%
Discovery of electromagnetismHans Christion Orsted
0%
Invention of the hydrometerHypatia of Alexandria
0%
Atomic weights; Modern chemical symbolsJons Jakob Berzelius
0%
Discovery of carbon dioxideJoseph Black
0%
Discovery of chiralityLouis Pasteur
0%
Discovery of uranium and other elementsMartin Klaproth
0%
Invention of the bain-marieMary the Jewess
0%
Coinventor of calorimeterPierre-Simon Laplace
0%
Development of Avogadro's law on molecular weightsStanislao Cannizzaro
0%
Ionic theory of reactionsSvante Arrhenius
0%

Score Distribution

Percentile by Number Answered

Percent of People with Each Score

Your Score History

You have not taken this quiz